000 00296nam a22001337a 4500
008 170228b xxu||||| |||| 00| 0 eng d
020 _a0815131321
041 _aeng
080 _23RD
_a616.8-006
100 _a6
101 _aSHM
245 _aSOFT TISSUE TUMORS
_cENZINGER, F.M
942 _2udc
_cBK
999 _c6436
_d6436